000 00288nam a22001337a 4500
008 170405b xxu||||| |||| 00| 0 eng d
020 _a9780895823731
041 _aeng
080 _a574
100 _a9
101 _aSHM
245 _aENVIRONMENTAL HEALTH
_cMORGAN, M.T
942 _2udc
_cBK
999 _c9715
_d9715